Stades de football européens par images - Statistiques

Statistiques générales
  • Ce quiz a été pris 1 208 fois
  • Le résultat moyen est 11 sur 20
Statistiques - réponses
Par images Réponse % Correct
Camp Nou
96%
Stade Vélodrome
88%
Santiago Bernabeu
83%
Stade de France
79%
Old Trafford
76%
Anfield
74%
San Siro
69%
Groupama Stadium
68%
Stamford Bridge
61%
Allianz Arena
59%
Wembley
59%
Emirates Stadium
48%
Juventus Stadium
48%
Signal Iduna Park
48%
Wanda-Metropolitano
39%
Stadio Olimpico
23%
Estadio da Luz
20%
Johan Cruijff Arena
7%
Hampden Park
5%
Stade Loujniki
4%
Aucun quiz correspondant
Distribution des résultats
% des personnes avec chaque résultat
Percentile par nombre de réponses
Votre historique - résultats
Vous n’avez pas pris ce quiz